South Eastern Kenya University

Library Online Public Access Catalogue


Quantities : (Record no. 9286)

MARC details
000 -LEADER
fixed length control field 00398nam a22001337a 4500
050 ## - LIBRARY OF CONGRESS CALL NUMBER
Classification Number PS3515.O8415
Item Number .H69 1962.
100 ## - MAIN ENTRY--Author
Personal name Howard,Richard
245 ## - TITLE
Title Quantities :
Remainder of title poems
Statement of responsibility, etc Richard Howard
260 ## - PUBLICATION, DISTRIBUTION, ETC.(IMPRINT)
Place of publication, distribution, etc Middletown, Conn. :
Name of publisher, distributor, etc Wesleyan University Press,
Date of publication, distribution, etc 1962.
300 ## - PHYSICAL DESCRIPTION
Extent 80 pages ; 21 cm
650 ## - SUBJECT--TOPIC
Topical term following geographic name as entry element American poetry -- 20th century.
650 ## - SUBJECT--TOPIC
Topical term following geographic name as entry element American poetry.
942 ## - ADDED ENTRY ELEMENTS(KOHA)
Source of classification or shelving scheme Library of Congress Classification
Koha item type General circulation
Holdings
Source of classification or shelving scheme Not for loan Location (home branch) Sublocation (holding branch) Date accessioned Source of acquisition Full call number Barcode Koha item type Public note
Library of Congress Classification   Wote Campus Library Wote Campus Library 28/09/2015 Donation - Books for Africa [WTE] PS 3515.O8415 .H69 1962. 2015/008472 General circulation amm
Kitui, Kenya.
+254736116989
library@seku.ac.ke